000 00466nam a2200181Ia 4500
001 3067
005 20260306144853.0
008 260306t1979||||xx |||||||||||||| ||spa||
041 _aESP
082 _a248.8
_bM46
100 _aMeves, Christa
_eAUT
245 0 _aUn sentido para la vida:
_bla respuesta bíblica desde la psicología profunda
260 _c1979
300 _a199 páginas :
_c20 cm.
650 _aGEN
654 _aCHU
942 _cLIB
_dJUS
_fJUS
_2ddc
_n
999 _c3067
_d3067